| 000 | 00975cam a2200289 i 4500 | ||
|---|---|---|---|
| 001 | 17531 | ||
| 003 | BD-RjUL | ||
| 005 | 20211209000145.0 | ||
| 008 | 760803t19761977fr a b i000 0 eng | ||
| 020 | _a923101403X (v. 2) | ||
| 035 | _a(BD-RjUL)17589 | ||
| 040 |
_aDLC _cDLC _dDLC _dBD-RjUL _beng |
||
| 041 | _aeng | ||
| 082 | 0 | 0 |
_a300.95 _bSOC 1977 _223 |
| 110 | 1 |
_aUnesco _9233007 |
|
| 245 | 1 | 0 |
_aSocial sciences in Asia / _cUnesco |
| 260 |
_aParis : _bUnesco ; _c1976 [c1977] |
||
| 300 |
_a v. : _bill. ; _c27 cm. |
||
| 490 | 1 |
_aReports and papers in the social sciences ; _vNo. 33 |
|
| 504 | _aIncludes bibliographical references. | ||
| 505 | 0 | _aVol. 2, Afghanistan, Indonesia, Japan, Republic of Korea, Nepal -- | |
| 650 | 0 |
_aSocial sciences _zAsia _xHistory. _953844 |
|
| 650 | 0 |
_aSocial sciences _xResearch _zAsia. _953845 |
|
| 830 | 0 |
_aReports and papers in the social sciences ; _vno. 33, _9233008 |
|
| 942 |
_2ddc _cDOC |
||
| 999 |
_c17531 _d17531 |
||